20th Century Asian Leaders Quiz Stats

Quiz Updated Jul 10, 2016

Also try: Famous Scots
Challenge
Share
Tweet
Score 0/20 Timer 07:00
2 Plays Today
% Correct
Saddam Hussein
92.2%
Fahd Al Saud
88.5%
Boris Yeltsin
88.1%
Ruhollah Khomeini
82.7%
Ho Chi Minh
81.6%
Hirohito
81%
Kim Il-sung
76.4%
David Ben-Gurion
73.7%
Corazon Aquino
71.9%
Deng Xiaoping
70.8%
% Correct
Pol Pot
69.9%
Askar Akayev
68.6%
Ali Abdullah Saleh
68.2%
Mustafa Kemal Atatürk
67.2%
Suharto
65.8%
Jawaharlal Nehru
64.1%
Than Shwe
52.7%
Nursultan Nazarbayev
47.9%
Hussein Bin Talal
46.8%
Muhammad Ali Jinnah
39.9%

You're not logged in!

Compare scores with friends on all Sporcle quizzes.
Sign Up with Email
OR
Log In

You Might Also Like...

Show Comments

Extras

Top Quizzes Today


Score Distribution

Your Account Isn't Verified!

In order to create a playlist on Sporcle, you need to verify the email address you used during registration. Go to your Sporcle Settings to finish the process.